CHP ve aydınlanmanın kısa tarihi (Record no. 2515)

MARC details
000 -BAŞLIK
Sabit Uzunlukta Kontrol Alanı 00908na a2200313 4500
001 - KONTROL NUMARASI
Denetim Alanı 15245
003 - KONTROL NUMARASI IDENTIFIER
Denetim Alanı MIRAKIL
005 - SON İŞLEM TARİHİ VE ZAMANI
Denetim Alanı 20181213154900.0
008 - SABİT-BOY VERİ ELEMANLARI - GENEL BİLGİLER
Sabit Uzunlukta Kontrol Alanı 161005b tu 000 0
035 ## - SİSTEM KONTROL NUMARASI
Sistem Kontrol Numarası 15245
040 ## - KATALOGLAMA KAYNAK
Orijinal Kataloglama Ajansı Milas
Kataloglama Dili tur
Metne Dönüştürmek Ajansı TR-AnCHP
041 ## - DİL KODU
Metin / Ses Parça Veya Ayrı Başlığın Dil Kodu tur
082 ## - DEWEY ONLU SINIFLANDIRMA NUMARASI
Sınıflandırma Numarası CHP 324.2172
Ürün Numarası C36 2012
090 ## - SINIFLAMA NUMARASI
Sınıflama Numarası CHP 324.2172 C36 2012
245 ## - BAŞLIK TABLOSU
Başlık CHP ve aydınlanmanın kısa tarihi
Başlığın Kalan 1919 - 1960
Sorumluluk Tablosu, Vb Cumhuriyet Halk Partisi
246 ## - UNVAN FORM VARYING
Başlık Doğru / Kısa Başlığı 1919 - 1960
250 ## - EDITION TABLOSU
Baskı Beyanı 2. bs.
260 ## - YAYIN, DAĞITIM, VB
Yayın, Dağıtım, Vb Yeri Ankara
Yayıncı, Dağıtıcı, Vs Adı CHP
Yayın, Dağıtım, Vb Tarihi 2012
300 ## - FİZİKSEL TANIM
Kapsam 104 s.
Diğer Fiziksel Ayrıntıları res.
Boyutlar 21 sm.
610 ## - KONU KATMA GİRİŞ - TOPLANTI ADI
Giriş Elemanı Olarak Kurumsal Ad Veya Yargı Alanı Adı CHP
Genel Alt Bölüm Olağanüstü kurultaylar
Kronolojik Alt Bölüm 1939-1959
650 ## - KONU KATMA GİRİŞ - TOPİKAL DÖNEM
Topikal Süreli Veya Coğrafi Ad Giriş Elemanı CHP
Genel Alt Bölümü Tarih
650 ## - KONU KATMA GİRİŞ - TOPİKAL DÖNEM
Topikal Süreli Veya Coğrafi Ad Giriş Elemanı Sosyal demokrat partiler
Genel Alt Bölümü Aydınlanma
Coğrafi Alt Bölümü Türkiye
650 ## - KONU KATMA GİRİŞ - TOPİKAL DÖNEM
Topikal Süreli Veya Coğrafi Ad Giriş Elemanı CHP kurultayı
Genel Alt Bölümü Tarih
Kronolojik Alt Bölümü 1938-1959
651 ## - KONU KATMA GİRİŞ - COĞRAFİ ADI
Coğrafi İsim Türkiye
Genel Alt Bölümü Siyasal tarih
Kronolojik Alt Bölümü Aydınlanma
700 ## - KATMA GİRİŞ - KİŞİSEL İSİM
Kişisel Ad
830 ## - SERİSİ EKLENDİ GİRİŞ - ÜNİFORM ADI
Üniforma Başlık CHP Yayınları
942 ## - EKLENDİ GİRİŞ ELEMANLARI (KOHA)
Sınıflandırma Veya Raf Düzeni Kaynak Dewey Decimal Classification
Koha Öğesi Türü Books
999 ## - SİSTEM KONTROL NUMARALARI (KOHA)
Koha Biblionumber 2515
Koha Biblioitemnumber 2515
657 ## - INDEX SÜRE - İŞLEVİ
-- CHP kurultayları tarihi
Holdings
Kalıcı Konum Mevcut Konum Edinme Tarihi Edinim Kaynak Toplam Check-Out'Lar Tam Çağrı Numarası Barkod Tarih Son Görülme İtibaren Geçerli Fiyatlar Koha Öğesi Türü Kopya Sayısı
CHP Kütüphanesi CHP Kütüphanesi 09/06/2016 Bağış   CHP 324.2172 C36 2012 003301 09/06/2016 09/06/2016 Books  
CHP Kütüphanesi CHP Kütüphanesi 09/06/2016 Bağış   CHP 324.2172 C36 2012 003302 09/06/2016 09/06/2016 Books k.2
CHP Kütüphanesi CHP Kütüphanesi 11/07/2016 Bağış   CHP 324.2172 C36 2012 009166 11/07/2016 11/07/2016 Books k.3
CHP Kütüphanesi CHP Kütüphanesi 11/07/2016 Bağış   CHP 324.2172 C36 2012 009167 11/07/2016 11/07/2016 Books k.4
CHP Kütüphanesi CHP Kütüphanesi 11/07/2016 Bağış   CHP 324.2172 C36 2012 009168 11/07/2016 11/07/2016 Books k.5